| 000 | 01256nam a2200217 a 4500 | ||
|---|---|---|---|
| 001 | 000025761 | ||
| 003 | DO-SdBNP | ||
| 005 | 20240506134159.0 | ||
| 008 | 110222s1981 dr 000 0 spa d | ||
| 040 |
_aDO-SdBNP _bspa _cBNPHU |
||
| 082 |
_a461.52 _bM647a, 1981 |
||
| 100 | 1 |
_aMiller, Jeannette, _d1944- _983484 |
|
| 245 | 1 | 0 |
_aActualización ortográfica / _cJeannette Miller. |
| 250 | _a2a ed. corr. y aum. | ||
| 260 |
_aSanto Domingo : _bAmigo del Hogar, _c1981. |
||
| 300 |
_a114 p. ; _c22 cm. |
||
| 505 | 2 | _aPresentación -- El alfabeto castellano; sus 29 letras, 5 vocalesy 24 consonantes -- Concepto de silaba -- Clasificación de las palabras según el número de sílabas -- El acento: Definición. Acento prosódico y acento ortográfico -- Casos especiales de acentuación -- Letras que se prestan a confución ; sus reglas -- Usos de la H -- Usos de la X -- Usos de la Z -- Las combinaciones nm, nn y mn -- Palabras que se escriben juntas y separadas -- Usos de mayúscula -- Los signos de puntuación -- Sobre la adopción de S en la segunda persona del preterito indefinido de indicativo -- Bibliografía de referencia. | |
| 650 | 4 |
_aEspañol _xOrtografía _91453 |
|
| 650 | 4 |
_aEspañol _xOrtografía _xEnseñanza _91228 |
|
| 942 |
_2ddc _cLBS1 |
||
| 999 |
_c25253 _d25253 |
||